00358nam a2200145Ia 4500008004100000020001500041041000800056082001700064100002200081245003900103250000600142260003800148300000800186650001800194210716s1993 xx 000 0 und d a8170292271 aeng a005.133 STER aStevens, Roger T. aAdvanced fractal programming in c. a1 aNew DelhibBPB Publicationsc1993 a305 aC Programming